Leader xxxxxxxxxx
001 __ GE0011490
005 __ 19981008094010.5
008 __ chi
010 0_ |a|b平裝|dNT$200
100 __ |a19960726d1981 y0chiy09 e.
101 0_ |achi.
102 __ |atw.
105 __ |aab z 000yy.
200 1_ |a埔里巴宰七社志|e|f衛惠林撰.
205 __ |a初版二刷.
210 __ |a臺北市|c中央研究院民族學研究所|d民88[1999]
215 0_ |a[14],170面|c圖表,摺地圖|d26公分.
225 2_ |a中央研究院民族學研究所專刊|v27.
260 1_ |a1981.
320 __ |a附錄: 部落地圖等 4種.
320 __ |a參考書目: 面145-148.
410 _0 |12001 |a中央研究院民族學研究所專刊|v27.
517 11 |aAn enthnography of the seven villages of the pazeh on the P'uli Plain|zeng.
606 __ |2csh|a平埔族.
681 __ |a536.299|b2154.
700 _1 |a衛|b惠林|4撰.
702 __ |a|b|4
801 _0 |atw|b東華|c19960726|gCCR.
|